000 00516nam a2200181Ia 4500
001 3878
005 20260306145715.0
008 260306t2005||||xx |||||||||||||| ||spa||
041 _aESP
082 _a305.23
_bB24
100 _aBarletta Villarán, María Consuelo
_eAUT
245 0 _aLineamientos para la promoción social de la niñez y la adolescencia desde un enfoque interdisciplinario
260 _c2005
300 _a234 páginas :
_c21 cm.
650 _aGEN
654 _aCHU
942 _cLIB
_dJUS
_fJUS
_2ddc
_n
999 _c3878
_d3878